AP United States Government and Politics #1 - Statistics

General Stats
  • This quiz has been taken 63 times
  • The average score is 6 of 14
Answer Stats
Date Answer % Correct
1803 Marbury vs. Madison
86%
1954 Brown vs. Board Of Education
60%
1819 McCulloch vs. Maryland
50%
1969 Tinker vs. Des Moines Independent Community School District
48%
1962 Baker vs. Carr
42%
2010 McDonald vs. Chicago
42%
1919 Schenck vs. The United States
40%
1995 United States vs. Lopez
40%
1993 Shaw vs. Reno
38%
1963 Gideon vs. Wainwright
36%
1962 Engel vs. Vitale
34%
1972 Wisconsin vs. Yoder
30%
2010 Citizens United vs. Federal Election Commission
16%
1971 New York Times vs. United States
16%
No matching quizzes found
Score Distribution
Percent of People with Each Score
Percentile by Number Answered
Your Score History
You have not taken this quiz